000 01518nam a2200361 a 4500
001 ebr10470474
003 CaPaEBR
006 m u
007 cr cn|||||||||
008 100330s2010 ne a sb 001 0 eng d
010 _z 2010012595
020 _z9789004178144 (alk. paper)
020 _z9004178147 (alk. paper)
020 _z9789047440505 (e-book)
040 _aCaPaEBR
_cCaPaEBR
035 _a(OCoLC)727944816
050 1 4 _aPK365
_b.D34 2010eb
082 0 4 _a491/.29
_222
100 1 _aDahl, Eystein.
245 1 0 _aTime, tense and aspect in early Vedic grammar
_h[electronic resource] :
_bexploring inflectional semantics in the Rigveda /
_cby Eystein Dahl.
260 _aLeiden ;
_aBoston :
_bBrill,
_c2010.
300 _axviii, 475 p. :
_bill.
490 1 _aBrill's studies in Indo-European languages & linguistics,
_x1875-6328 ;
_vv. 5
504 _aIncludes bibliographical references and indexes.
533 _aElectronic reproduction.
_bPalo Alto, Calif. :
_cebrary,
_d2013.
_nAvailable via World Wide Web.
_nAccess may be limited to ebrary affiliated libraries.
650 0 _aVedic language
_xSemantics, Historical.
650 0 _aVedic language
_xGrammar.
650 0 _aVedic language
_xEtymology.
655 7 _aElectronic books.
_2local
710 2 _aebrary, Inc.
830 0 _aBrill's studies in Indo-European languages & linguistics ;
_vv. 5.
856 4 0 _uhttp://site.ebrary.com/lib/rucke/Doc?id=10470474
_zAn electronic book accessible through the World Wide Web; click to view
999 _c214768
_d214768